|
|
|
|
| LEADER |
00675nam a2200193 a 4500 |
| 001 |
000636264 |
| 003 |
CZ BrMZK |
| 005 |
20021125090855.0 |
| 007 |
ta |
| 008 |
021114s1972 xxk f eng d |
| 040 |
|
|
|a BOA001
|b cze
|c BOA001
|
| 100 |
1 |
|
|a Vaněk, Vlastimil,
|d 1918-1999
|7 jk01141544
|4 aut
|
| 245 |
1 |
0 |
|a Garden flowers :
|b a concise guide in colour /
|c by Vlastimil Vaněk ; illustrated by František Severa
|
| 260 |
|
|
|a London :
|b Hamlyn,
|c 1972
|
| 300 |
|
|
|a 234 s.
|
| 700 |
1 |
|
|a Severa, František,
|d 1924-2005
|7 jn20000703281
|4 ill
|
| 910 |
|
|
|a BOA001
|b 1-0683.533
|
| 990 |
|
|
|a BK
|
| 996 |
7 |
|
|b 2619222778
|c 1-0683.533
|l MZK
|r Sklad / do 1 hodiny
|n 2
|w 000636264
|u 000010
|a 1
|e BOA001
|j MZK50
|s A
|